| 000 | 00829nam a2200229 i 4500 | ||
|---|---|---|---|
| 001 | 166410 | ||
| 003 | ES-MaACL | ||
| 005 | 20240126063021.0 | ||
| 008 | 020305s1890 fr |||| | fre d | ||
| 040 |
_aAN _bspa _cAN |
||
| 100 | 1 |
_aTolstói, Lev, _d1828-1910 _9110489 |
|
| 245 | 1 | 0 |
_aMacha _b; Lucerne : fragment du "Journal" du Comte Dmitri Nechludoff / _cCte Léo Tolstoï. |
| 260 |
_aParis : _bE. Dentu, _c1890 ( _fImprimerie Destenay) |
||
| 300 |
_a313 p. ; _c17 cm. |
||
| 490 | 1 | _aBibliothèque Choise des chefs-d'oeuvre français et etrangers | |
| 596 | _aMarca de ed. en port. | ||
| 597 | _aAntep. | ||
| 830 | 0 |
_aBibliothèque Choise des chefs-d'oeuvre français et etrangers _9222552 |
|
| 852 |
_aES-MaACL _jF-9849 _z-- Enc. hol. conservando la cub. original |
||
| 999 |
_c166410 _d166410 |
||